| 000 | 00985nam a2200265 i 4500 | ||
|---|---|---|---|
| 001 | 133838 | ||
| 003 | ES-MaACL | ||
| 005 | 20230906194537.0 | ||
| 007 | t| | ||
| 008 | 070831s1989 sp |||| | spa d | ||
| 020 | _a84-320-4010-X | ||
| 080 | _a821.134.2 | ||
| 100 | 1 |
_aGarcía Gutiérrez, Antonio, _d1813-1884 _954743 |
|
| 245 | 1 | 3 |
_aEl trovador ; Simón Bocanegra / _cAntonio García Gutiérrez ; edición, introducción y notas de Luis F. Díaz Larios. |
| 246 | 3 | _aSimón Bocanegra | |
| 250 | _a1ª ed. en Clásicos universales Planeta. | ||
| 260 |
_aMadrid : _bPlaneta, _c1989. |
||
| 300 |
_aXL, 193 p. ; _c19 cm. |
||
| 490 | 1 |
_aClásicos universales Planeta. Autores hispánicos ; _v168 |
|
| 504 | _aBibliografía: p. XXXVI-XL. | ||
| 700 | 1 |
_aDíaz Larios, Luis F. _944317 |
|
| 830 | 1 |
_aClásicos universales Planeta. Autores hispánicos ; _v168 _9186962 |
|
| 852 |
_aES-MaACL _jE-12087 _z- Biblioteca Jacinto Martínez Lacalle |
||
| 999 |
_c133838 _d133838 |
||